[Event "Ch World (for the Blind)"]
[Site "masterchessopen.com Belgrade (Serbia)"]
[Date "2010.09.01"]
[Round "6"]
[White "Olsar Jaroslav (CZE)"]
[Black "Bischoff Dieter (GER)"]
[Result "1-0"]
[WhiteElo "2266"]
[BlackElo "2114"]

1.e4 c5 2.Nf3 d6 3.d4 cxd4 4.Nxd4 Nf6 5.Nc3 Nc6 6.Bg5 Bd7 7.Qd2 Rc8 8.f3 e6
9.Ndb5 Qa5 10.Bxf6 gxf6 11.Nxd6+ Bxd6 12.Qxd6 Rd8 13.Qd2 Bc8 14.Bd3 Ne5 15.Qe3
Nxd3+ 16.cxd3 b6 17.O-O Ba6 18.Rad1 Qb4 19.Rf2 O-O 20.d4 Kh8 21.Rfd2 Qe7
22.Qf4 Bb7 23.d5 e5 24.Qh4 Qd6 25.Ne2 Bc8 26.Ng3 Rg8 27.Rc2 Bd7 28.Nh5 Rg6
29.g4 Rc8 30.Rxc8+ Bxc8 31.Rc1 Bd7 32.Kh1 Kg8 33.Qe1 Kf8 34.Qc3 Ke7 35.Qc7 a6
36.Ng3 Qxc7 37.Rxc7 a5 38.Nf5+ Kd8 39.Rb7 b5 40.d6 {#r} 1-0

[Event "It (open)"]
[Site "masterchessopen.com Yuzhny (Ukraine)"]
[Date "2010.09.11"]
[Round "8"]
[White "Shvayger Yuliya (UKR)"]
[Black "Roschupkin Volodymyr (UKR)"]
[Result "0-1"]
[WhiteElo "2200"]
[BlackElo "1980"]

1.e4 c5 2.Nf3 d6 3.d4 cxd4 4.Nxd4 Nf6 5.Nc3 Nc6 6.Bg5 Bd7 7.Qd2 Rc8 8.O-O-O
Nxd4 9.Qxd4 Qa5 10.f4 h6 11.Bh4 g5 12.e5 Bg7 13.Be1 Nh5 14.a4 Nxf4 15.Nb5 Qd8
16.Qxa7 Bf5 17.Nd4 Qc7 18.Bb5+ Kf8 19.c3 Be4 20.exd6 exd6 21.Bg3 Be5 22.Bf1
Kg7 23.Nb5 Qe7 24.Qe3 Bg6 25.Nd4 Qf6 26.h4 Nd5 27.Qe1 Bxd4 28.Rxd4 Qxd4 {#R}
0-1

[Event "Ch Region"]
[Site "masterchessopen.com Riazan (Russia)"]
[Round "0"]
[White "Lepeshkin Nikita (RUS)"]
[Black "Chromov Pavel"]
[Result "1-0"]
[WhiteElo "1788"]
[BlackElo "2069"]

1.e4 c5 2.Nf3 d6 3.d4 cxd4 4.Nxd4 Nf6 5.Nc3 Nc6 6.Bg5 Bd7 7.Qd2 Rc8 8.O-O-O
Nxd4 9.Qxd4 Qa5 10.f4 Qc5 11.Bxf6 gxf6 12.Qd2 h5 13.Kb1 h4 14.Bd3 Rg8 15.f5 b5
16.Rhg1 a5 17.Qf4 Rh8 18.h3 a4 19.Nd5 b4 20.g3 a3 21.Qe3 {#r} 1-0

[Event "Ch Moscow (active)"]
[Site "masterchessopen.com Moscow (Russia)"]
[Date "2010.10.03"]
[Round "6"]
[White "Savchenko Boris (RUS)"]
[Black "Laptev Dmitri (RUS)"]
[Result "1-0"]
[WhiteElo "2627"]
[BlackElo "2307"]

1.e4 c5 2.Nf3 Nc6 3.Nc3 d6 4.d4 cxd4 5.Nxd4 Nf6 6.Bg5 Bd7 7.Qd2 Rc8 8.f4 Ng4
9.Ndb5 Qb6 10.Nd5 Qd8 11.Nxd6+ exd6 12.Bxd8 Nxd8 13.h3 Nh6 14.O-O-O f6 15.Be2
Nhf7 16.Bh5 Ba4 17.b3 Bc6 18.Kb1 Ne6 19.Bg4 Bd7 20.Rhe1 Be7 21.e5 fxe5 22.fxe5
Bg5 23.Qd3 Nxe5 24.Rxe5 dxe5 25.Nf6+ {#r} 1-0

[Event "It (open)"]
[Site "masterchessopen.com Cesky Krumlov (Czech Republic)"]
[Date "2010.11.24"]
[Round "4"]
[White "Semenova Irina (RUS)"]
[Black "Nikolaev Leonid (UKR)"]
[Result "0-1"]
[WhiteElo "2258"]
[BlackElo "2308"]

1.e4 c5 2.Nf3 d6 3.d4 cxd4 4.Nxd4 Nf6 5.Nc3 Nc6 6.Bg5 Bd7 7.Qd2 Rc8 8.f4 h6
9.Bh4 g5 10.fxg5 hxg5 11.Bxg5 Bg7 12.Nxc6 bxc6 13.Be2 Rb8 14.Rb1 Ng4 15.Bxg4
Bxg4 16.O-O Qa5 17.Bf4 Be6 18.Qf2 Rb7 19.a3 Kd7 20.Bd2 Qh5 21.Qg3 Bd4+ 22.Kh1
Rbb8 23.Bf4 Rbg8 24.Qd3 Be5 25.Qf3 Rg4 26.Bxe5 Qxe5 27.g3 Rxg3 28.Qf4 Qg7
29.Rf2 Rg4 30.Qe3 c5 31.Rd1 Rg8 32.Rff1 Rg2 33.Rd2 Rxd2 34.Qxd2 Bh3 35.Qf2
Bg2+ 36.Kg1 Bf3+ 37.Qg3 Qd4+ 38.Rf2 Rxg3+ 39.hxg3 Bxe4 {#R} 0-1

[Event "It (open)"]
[Site "masterchessopen.com Berkeley (USA)"]
[Date "2011.01.06"]
[Round "8"]
[White "Milman Lev (USA)"]
[Black "Gupta Ankit (USA)"]
[Result "1-0"]
[WhiteElo "2452"]
[BlackElo "2209"]

1.e4 c5 2.Nf3 d6 3.d4 cxd4 4.Nxd4 Nf6 5.Nc3 Nc6 6.Bg5 Bd7 7.Qd2 Rc8 8.O-O-O
Nxd4 9.Qxd4 Qa5 10.f4 Rxc3 11.bxc3 e5 12.Qb4 Qxb4 13.cxb4 Nxe4 14.Bh4 Nc3
15.Rd3 Nxa2+ 16.Kb2 Nxb4 17.Rb3 a5 18.c3 Nd5 19.Rxb7 f6 20.Rb8+ Ke7 21.fxe5
dxe5 22.Bf2 Kf7 23.Rb7 Ke8 24.Bc4 Be6 25.Rb8+ Kd7 26.Rd1 Kc7 27.Bxd5 Ba3+
28.Kxa3 Rxb8 29.Bxe6 {#r} 1-0

[Event "It (open)"]
[Site "masterchessopen.com Caldas (Colombia)"]
[Date "2011.01.08"]
[Round "4"]
[White "Escobar Forero Alder (COL)"]
[Black "Saladen Rafael (COL)"]
[Result "1-0"]
[WhiteElo "2466"]
[BlackElo "2171"]

1.e4 c5 2.Nf3 d6 3.d4 cxd4 4.Nxd4 Nf6 5.Nc3 Nc6 6.Bg5 Bd7 7.Qd2 Rc8 8.Nxc6
Bxc6 9.f3 a6 10.O-O-O e6 11.Kb1 h6 12.Be3 b5 13.Ne2 Bb7 14.Nd4 e5 15.Nb3 d5
16.exd5 Nxd5 17.Bd3 Qc7 18.Rhe1 Be7 19.Re2 Nxe3 20.Qxe3 Bf6 21.Bf5 O-O 22.Bxc8
Rxc8 23.Qd2 e4 24.fxe4 Qe5 25.c3 Rc4 26.Qd6 Qh5 27.Rde1 Be5 28.Qd7 Bc8 29.Qd8+
Kh7 30.Nd2 Rc5 31.Nf3 Bf6 32.Qd3 b4 33.cxb4 Rb5 34.Nd4 Re5 35.h3 g6 36.g4 Qh4
37.Nf3 Qg3 38.Ng5+ {#r} 1-0

[Event "It (open)"]
[Site "masterchessopen.com Caldas (Colombia)"]
[Date "2011.01.08"]
[Round "4"]
[White "Molina Gildardo (COL)"]
[Black "Vittorino Carlo (COL)"]
[Result "0-1"]
[WhiteElo "2076"]
[BlackElo "2283"]

1.e4 c5 2.Nf3 Nc6 3.d4 cxd4 4.Nxd4 Nf6 5.Nc3 d6 6.Bg5 Bd7 7.Qd2 Rc8 8.O-O-O
Nxd4 9.Qxd4 Qa5 10.f4 Rxc3 11.Bxf6 Rc8 12.Bxg7 Qc7 13.Bc4 e5 14.Qd5 Bc6
15.Qxf7+ Qxf7 16.Bxf7+ Kxf7 17.Bxh8 Bh6 18.Rhf1 Rxh8 19.Rxd6 Bxf4+ 20.Kb1 Ke7
21.Rfd1 Bxh2 22.Rh6 Bf4 23.Rh4 h6 24.Rg4 Bg5 25.Rd3 Rf8 26.Rf3 Rf4 27.Rfxf4
exf4 {#R} 0-1

[Event "It (open)"]
[Site "masterchessopen.com Sevilla (Spain)"]
[Date "2011.01.11"]
[Round "5"]
[White "Gonzalez Garcia Jose (MEX)"]
[Black "Teran Alvarez Ismael (ESP)"]
[Result "1-0"]
[WhiteElo "2515"]
[BlackElo "2435"]

1.Nf3 c5 2.e4 d6 3.d4 cxd4 4.Nxd4 Nf6 5.Nc3 Nc6 6.Bg5 Bd7 7.Qd2 Rc8 8.Nxc6
Bxc6 9.f3 a6 10.O-O-O e6 11.Kb1 Be7 12.h4 O-O 13.Ne2 b5 14.Nd4 Qb6 15.g4 b4
16.Be3 Qb7 17.g5 Nd7 18.g6 Nc5 19.h5 Bf6 20.Bg5 Be5 21.gxh7+ Kxh7 22.Nxc6 Rxc6
23.f4 Bc3 24.Qg2 Na4 25.e5 dxe5 26.Bf6 Rg8 27.Bd3+ {#r} 1-0

[Event "Ch Georgia (w)"]
[Site "masterchessopen.com Anaklia (Georgia)"]
[Date "2011.01.12"]
[Round "3"]
[White "Paikidze Nazi (GEO)"]
[Black "Lomineishvili Maia (GEO)"]
[Result "0-1"]
[WhiteElo "2412"]
[BlackElo "2366"]

1.e4 c5 2.Nf3 d6 3.d4 cxd4 4.Nxd4 Nf6 5.Nc3 Nc6 6.Bg5 Bd7 7.Qd2 Rc8 8.f4 Nxd4
9.Qxd4 Qa5 10.O-O-O Rxc3 11.bxc3 e5 12.Qd3 Ng4 13.Qf3 h6 14.f5 hxg5 15.Qxg4 d5
16.Rd3 Rh4 17.Qxg5 Rxe4 18.Kd2 d4 19.Be2 Bb5 20.Kd1 Qxa2 21.c4 Bxc4 22.Qc1
Bxd3 23.Bxd3 Ba3 24.Bb5+ Kf8 25.Qg5 {#R} 0-1

[Event "Ch City"]
[Site "masterchessopen.com Cheliabinsk (Russia)"]
[Date "2011.01.13"]
[Round "1"]
[White "Fesenko Vitaly (RUS)"]
[Black "Gryaznev Alexander (RUS)"]
[Result "1-0"]
[WhiteElo "2207"]
[BlackElo "1920"]

1.e4 c5 2.Nf3 Nc6 3.d4 cxd4 4.Nxd4 Nf6 5.Nc3 d6 6.Bg5 Bd7 7.Qd2 Rc8 8.O-O-O
Nxd4 9.Qxd4 Qa5 10.Bxf6 gxf6 11.Kb1 Qc5 12.Qd2 Qa5 13.f4 f5 14.e5 Bg7 15.h4
Be6 16.a3 O-O 17.Rh3 dxe5 18.fxe5 Bxe5 19.Nd5 Qxd2 20.Nxe7+ Kh8 21.Rxd2 Rb8
22.Nd5 a5 23.a4 b5 24.Bxb5 Rfd8 25.Rhd3 Kg7 26.Nc3 Rdc8 27.Re2 f6 28.Nd5 Kh6
29.Nxf6 Bxf6 30.Rxe6 Kg7 31.Rd7+ Kg6 32.g4 fxg4 33.Bd3+ {#r} 1-0

[Event "It (open)"]
[Site "masterchessopen.com Marianske Lazne (Czech Republic)"]
[Date "2011.01.20"]
[Round "7"]
[White "Cizinsky Petr (CZE)"]
[Black "Neuman Petr (CZE)"]
[Result "0-1"]
[WhiteElo "2178"]
[BlackElo "2463"]

1.e4 c5 2.Nf3 d6 3.d4 cxd4 4.Nxd4 Nf6 5.Nc3 Nc6 6.Bg5 Bd7 7.Qd2 Rc8 8.f4 h6
9.Bxf6 gxf6 10.O-O-O Nxd4 11.Qxd4 Qa5 12.Kb1 Rg8 13.g3 f5 14.Bg2 Bc6 15.Rhg1
fxe4 16.Nxe4 Rg6 17.f5 Qxf5 18.Rge1 Re6 19.Qd3 Kd8 20.Rf1 Qg6 21.Rde1 Kc7
22.Qc3 Kb8 {#R} 0-1

[Event "Ch Poland (juniors) (under 16)"]
[Site "masterchessopen.com Murzasichle (Poland)"]
[Date "2011.03.08"]
[Round "5"]
[White "Stankiewicz Pawel (POL)"]
[Black "Poswiatowski Michal (POL)"]
[Result "1-0"]
[WhiteElo "2098"]
[BlackElo "1983"]

1.e4 c5 2.Nf3 d6 3.d4 cxd4 4.Nxd4 Nf6 5.Nc3 Bd7 6.Bg5 Nc6 7.Qd2 Rc8 8.f4 Nxd4
9.Qxd4 Qa5 10.e5 dxe5 11.fxe5 Qc5 12.O-O-O Qxd4 13.Rxd4 Ng4 14.Bf4 g5 15.e6
fxe6 16.Bxg5 e5 17.Rb4 Rg8 18.Bh4 Bh6+ 19.Kb1 b6 20.Bd3 Ne3 21.Re4 Nxg2 22.Bg3
Bc6 23.Rxe5 Rg7 24.Nb5 Bf4 25.Nd6+ Kd8 26.Nxc8 Rxg3 27.Nxa7 Bb7 28.Re2 Rg5
29.Be4 Re5 30.Bxg2 Rxe2 31.Bxb7 {#r} 1-0

[Event "Ch Poland (juniors) (under 16)"]
[Site "masterchessopen.com Murzasichle (Poland)"]
[Date "2011.03.11"]
[Round "8"]
[White "Gora Jan (POL)"]
[Black "Grzeskow Adrian (POL)"]
[Result "1-0"]
[WhiteElo "1912"]
[BlackElo "1874"]

1.e4 c5 2.Nf3 Nc6 3.d4 cxd4 4.Nxd4 Nf6 5.Nc3 d6 6.Bg5 Bd7 7.Qd2 Rc8 8.f4 Nxd4
9.Qxd4 Qa5 10.e5 dxe5 11.fxe5 e6 12.O-O-O Bc6 13.Nb5 Bxb5 14.exf6 Bc6 15.h4 g6
16.Bc4 Bc5 17.Qe5 Bb6 18.Qxa5 Bxa5 19.h5 b5 20.hxg6 fxg6 21.Bxe6 Rc7 22.f7+
Rxf7 23.Bxf7+ Kxf7 24.b4 Bb6 25.Rhe1 Kf8 26.Rd6 Bxg2 27.Rf6+ {#r} 1-0

[Event "Ch Switzerland (team) 2011"]
[Site "masterchessopen.com Switzerland"]
[Date "2011.03.20"]
[Round "2"]
[White "Riff Jean-Noel (FRA)"]
[Black "Miralles Gilles (FRA)"]
[Result "0-1"]
[WhiteElo "2514"]
[BlackElo "2470"]

1.e4 c5 2.Nf3 Nc6 3.d4 cxd4 4.Nxd4 Nf6 5.Nc3 d6 6.Bg5 Bd7 7.Qd2 Rc8 8.O-O-O
Nxd4 9.Qxd4 Qa5 10.Bd2 e5 11.Qe3 Be7 12.f3 O-O 13.a3 a6 14.g4 Qc7 15.Bd3 Be6
16.Kb1 b5 17.h4 Qb7 18.h5 Rb8 19.Ne2 b4 20.axb4 d5 21.exd5 Bxd5 22.g5 Bxb4
23.Bxb4 Qxb4 24.Qxe5 Nd7 25.Qd4 Bxf3 26.Qxb4 Rxb4 27.Rh2 Nc5 28.Rf1 Nxd3
29.cxd3 Bd5 30.Rf5 Rd8 31.g6 hxg6 32.hxg6 fxg6 33.Rg5 Be6 34.Ng3 Rxd3 35.Rxg6
Kf7 {#R} 0-1

[Event "It (open)"]
[Site "masterchessopen.com Lille (France)"]
[Date "2011.04.25"]
[Round "1"]
[White "Zhigalko Andrey (BLR)"]
[Black "Faure Stephane (FRA)"]
[Result "1-0"]
[WhiteElo "2555"]
[BlackElo "2110"]

1.e4 c5 2.Nf3 d6 3.d4 cxd4 4.Nxd4 Nf6 5.Nc3 Nc6 6.Bg5 Bd7 7.Qd2 Rc8 8.Nxc6
Bxc6 9.f3 Qa5 10.O-O-O b5 11.Kb1 b4 12.Bxf6 gxf6 13.Nd5 Bxd5 14.Qxd5 Rc5
15.Qa8+ Qd8 16.Qxa7 Ra5 17.Qb7 Bh6 18.Qxb4 O-O 19.Rd5 Rc5 20.Qxc5 dxc5 21.Rxd8
Rxd8 22.Bd3 Bd2 23.Rd1 Ba5 24.c3 h5 25.Kc2 h4 26.Bc4 Rc8 27.Rd5 e6 28.Rh5 Kg7
29.Rxh4 Bd8 30.Rg4+ {#r} 1-0

[Event "Ch Lithuania"]
[Site "masterchessopen.com Nemencine (Lithuania)"]
[Date "2011.04.28"]
[Round "6"]
[White "Barsciauskas Gintautas (LTU)"]
[Black "Stremavicius Titas (LTU)"]
[Result "0-1"]
[WhiteElo "1827"]
[BlackElo "2141"]

1.e4 c5 2.Nf3 Nc6 3.d4 cxd4 4.Nxd4 Nf6 5.Nc3 d6 6.Bg5 Bd7 7.Qd2 Rc8 8.Be2 h6
9.Be3 g6 10.f3 a6 11.O-O Bg7 12.Nd5 Nxd5 13.exd5 Ne5 14.b3 b5 15.Rac1 Qc7
16.c4 bxc4 17.bxc4 g5 18.Nb3 O-O 19.c5 Bb5 20.c6 e6 21.Bxb5 axb5 22.dxe6 fxe6
23.Nd4 Nc4 24.Rxc4 bxc4 25.Nxe6 Qxc6 26.Nxf8 Rxf8 27.Rd1 Be5 28.a4 Ra8 29.a5
c3 30.Qa2+ Kg7 31.Qe6 Re8 32.Qf5 Qb5 33.Bd4 Bxd4+ {#R} 0-1

[Event "Ch Netherlands (juniors) (b)"]
[Site "masterchessopen.com Haarlem (Netherlands)"]
[Date "2011.05.06"]
[Round "7"]
[White "Kollen Zyon"]
[Black "Bijlsma Nick (NED)"]
[Result "1-0"]
[WhiteElo "2175"]
[BlackElo "2190"]

1.e4 c5 2.Nc3 d6 3.Nf3 Nf6 4.d4 cxd4 5.Nxd4 Nc6 6.Bg5 Bd7 7.Qd2 Rc8 8.f4 Nxd4
9.Qxd4 Qa5 10.e5 dxe5 11.fxe5 e6 12.O-O-O Bc6 13.Nb5 Bxb5 14.exf6 Bc6 15.h4 g6
16.Bc4 Bc5 17.Qg4 h5 18.Qe2 O-O 19.Rhf1 b5 20.Bb3 Rfd8 21.g4 Rxd1+ 22.Rxd1
hxg4 23.Qxg4 Re8 24.h5 Qb4 25.c4 bxc4 26.hxg6 fxg6 27.Bd2 Be3 28.Qxg6+ Kh8
29.Qg7# 1-0

[Event "Memorial Guillermo Garcia (talents)"]
[Site "masterchessopen.com Santa Clara (Cuba)"]
[Date "2011.05.24"]
[Round "2"]
[White "Ramos Lor Josep (ESP)"]
[Black "Bueno Perez Jesus Angel (CUB)"]
[Result "1-0"]
[WhiteElo "1998"]
[BlackElo "2132"]

1.e4 c5 2.Nf3 d6 3.Nc3 Nc6 4.d4 cxd4 5.Nxd4 Nf6 6.Bg5 Bd7 7.Qd2 Rc8 8.Nb3 a6
9.f4 e6 10.O-O-O Be7 11.Kb1 b5 12.Bxf6 gxf6 13.Bd3 Qb6 14.Rhf1 b4 15.Ne2 a5
16.f5 a4 17.Nbc1 h5 18.Nf4 Ne5 19.Be2 h4 20.fxe6 fxe6 21.Nh5 Rxh5 22.Bxh5+ Kd8
23.Be2 Bc6 24.Qd4 Qa5 25.Rf4 Qc7 26.Rxh4 Kd7 27.Rh7 Rg8 28.g3 Rb8 29.b3 axb3
30.cxb3 Rc8 31.Kb2 Bxe4 32.Bb5+ {#r} 1-0

[Event "It (open)"]
[Site "masterchessopen.com Orlova (Czech Republic)"]
[Date "2011.05.25"]
[Round "5"]
[White "Talla Vladimir (CZE)"]
[Black "Weissmann Lukas (CZE)"]
[Result "1-0"]
[WhiteElo "2399"]
[BlackElo "2123"]

1.e4 c5 2.Nf3 Nc6 3.d4 cxd4 4.Nxd4 Nf6 5.Nc3 d6 6.Bg5 Bd7 7.Qd2 Nxd4 8.Qxd4
Qa5 9.f4 e5 10.Qd2 Be7 11.O-O-O Bc6 12.Bxf6 Bxf6 13.f5 Qc5 14.Qxd6 Qe3+ 15.Qd2
Qxd2+ 16.Kxd2 O-O-O+ 17.Bd3 g6 18.Rhf1 Bg5+ 19.Ke2 gxf5 20.Rxf5 f6 21.Rff1 h5
22.Bb5 Rd4 23.Bxc6 bxc6 24.Rxd4 exd4 25.Nb1 Rg8 26.Na3 Kc7 27.Nc4 h4 28.Rf5
Bc1 29.Kf3 h3 30.g3 Rd8 31.Ke2 Be3 32.Rh5 Re8 33.Kd3 Bg1 34.Rh7+ Kb8 35.Rxh3
Rg8 36.Rh6 c5 37.Rh7 Rg5 38.Nd6 Rg4 39.a4 a6 40.b3 {#r} 1-0

[Event "Ch Slovenia (team)"]
[Site "masterchessopen.com Ljubljana (Slovenia)"]
[Date "2011.05.27"]
[Round "1"]
[White "Buzeti Jernej (SLO)"]
[Black "Guid Matej (SLO)"]
[Result "1-0"]
[WhiteElo "2301"]
[BlackElo "2315"]

1.e4 c5 2.Nf3 d6 3.d4 cxd4 4.Nxd4 Nf6 5.Nc3 Nc6 6.Bg5 Bd7 7.Qd2 h6 8.Bxf6 gxf6
9.O-O-O Nxd4 10.Qxd4 Qa5 11.f4 Rc8 12.Kb1 Bg7 13.Nd5 Qc5 14.Qd3 h5 15.Be2 e6
16.Ne3 Ke7 17.Rhf1 Rhd8 18.f5 Bc6 19.fxe6 fxe6 20.Rfe1 Kf8 21.Bf3 Bb5 22.Qb3
Qe5 23.c3 Rc6 24.Qc2 Rdc8 25.Be2 Bxe2 26.Rxe2 Qxh2 27.g4 Qe5 28.gxh5 Qxh5
29.Rh2 Qf3 30.Re1 b5 31.Qd3 Rb6 32.Rf1 Qg3 33.Rg2 Qh3 34.Rxg7 Qxf1+ 35.Qxf1
Kxg7 36.Qh3 Kf7 37.Qh7+ Ke8 38.Ng4 {#r} 1-0

[Event "It (open)"]
[Site "masterchessopen.com Voronezh (Russia)"]
[Date "2011.06.19"]
[Round "7"]
[White "Ziatdinov Raset (USA)"]
[Black "Gorshkov Yuri (RUS)"]
[Result "1-0"]
[WhiteElo "2415"]
[BlackElo "2333"]

1.e4 c5 2.Nf3 d6 3.d4 cxd4 4.Nxd4 Nf6 5.Nc3 Nc6 6.Bg5 Bd7 7.Qd2 Rc8 8.Nxc6
bxc6 9.Bxf6 gxf6 10.Bd3 h5 11.O-O Qb6 12.Rab1 Bh6 13.Qe2 Bg4 14.Qe1 Rg8 15.Kh1
e5 16.Nd1 Ke7 17.Ne3 Rg7 18.b4 Bxe3 19.fxe3 Be6 20.c4 c5 21.b5 Rcg8 22.Rb2 Rg6
23.Qc3 Ra8 24.Rfb1 a6 25.Be2 axb5 26.Rxb5 Qa6 27.Qd2 Qxa2 28.Rb7+ Bd7 29.Qd5
Rd8 30.Bf3 h4 31.h3 Rg3 32.Rd1 Qf2 33.Qxd6+ {#r} 1-0

[Event "Ch Croatia (juniors) (under 15)"]
[Site "masterchessopen.com Rabac (Croatia)"]
[Date "2011.06.23"]
[Round "7"]
[White "Matanovic Luka (CRO)"]
[Black "Monjac Mislav (CRO)"]
[Result "0-1"]
[WhiteElo "1871"]
[BlackElo "2024"]

1.e4 c5 2.Nf3 d6 3.d4 cxd4 4.Nxd4 Nf6 5.Nc3 Nc6 6.Bg5 Bd7 7.Qd2 h6 8.Bxf6 gxf6
9.O-O-O Nxd4 10.Qxd4 Qa5 11.Kb1 Rc8 12.Bc4 Qc5 13.Bb3 Qxd4 14.Rxd4 Rc5 15.Bd5
b5 16.Ne2 Bg7 17.Rd3 a5 18.a3 a4 19.Rg3 Kf8 20.Rd1 h5 21.Rc3 Rxc3 22.Nxc3 e6
23.Ba2 Ke7 24.f3 Rb8 25.Ne2 Rc8 26.h4 Bh6 27.Rd4 Be3 28.Rd3 Bf2 29.g3 Rg8
30.f4 Bc6 31.Rf3 Bb6 32.Rc3 Bxe4 33.Kc1 d5 34.b3 d4 35.Nxd4 Bxd4 36.Rc7+ Kd6
37.Rxf7 Rxg3 38.bxa4 Bc3 {#R} 0-1

[Event "It \"]
[Site "masterchessopen.com Bad Homburg (Germany)"]
[Date "2011.06.25"]
[Round "6"]
[White "Brendel Bergit (GER)"]
[Black "Issermann Ryhar (GER)"]
[Result "1-0"]
[WhiteElo "2119"]
[BlackElo "2307"]

1.e4 c5 2.Nf3 Nc6 3.d4 cxd4 4.Nxd4 Nf6 5.Nc3 d6 6.Bg5 Bd7 7.Qd2 h6 8.Bxf6 gxf6
9.O-O-O Qa5 10.Nb3 Qb6 11.f4 e6 12.Nb5 O-O-O 13.a4 a5 14.Nxd6+ Bxd6 15.Qxd6
Qe3+ 16.Qd2 Qxe4 17.Nc5 Qb4 18.Qf2 Qb6 19.Bb5 Nb8 20.Rd3 Bxb5 21.Rb3 Qc7
22.axb5 b6 23.Rc3 bxc5 24.Rxc5 Rd7 25.b6 Qc6 26.Rxc6+ Nxc6 27.Rd1 Rhd8 28.Rxd7
Rxd7 29.Qh4 f5 30.Qxh6 Nb4 31.Qf8+ Kb7 32.Qe8 Rd6 33.Qe7+ {#r} 1-0

[Event "Ch Turkey (team)"]
[Site "masterchessopen.com Konya (Turkey)"]
[Date "2011.07.01"]
[Round "4"]
[White "Mamedov Nidjat (AZE)"]
[Black "Solak Dragan (SRB)"]
[Result "1-0"]
[WhiteElo "2601"]
[BlackElo "2622"]

1.e4 c5 2.Nf3 d6 3.d4 cxd4 4.Nxd4 Nf6 5.Nc3 Nc6 6.Bg5 Bd7 7.Qd2 Nxd4 8.Qxd4 h6
9.Bxf6 gxf6 10.Bc4 Rc8 11.Bb3 Qa5 12.f4 Qc5 13.Qd3 b5 14.a4 b4 15.Nd5 Bg7
16.O-O-O h5 17.f5 e6 18.fxe6 fxe6 19.Qg3 Kf8 20.Rhf1 exd5 21.Rxd5 h4 22.Qg5
Qg1 23.Rdd1 Rh6 24.Qd5 Qe3+ 25.Kb1 Qc5 26.Qf7# 1-0

[Event "It \"]
[Site "masterchessopen.com Nachod (Czech Republic)"]
[Date "2011.07.03"]
[Round "2"]
[White "Trapl Dalibor (CZE)"]
[Black "Horak Ales (CZE)"]
[Result "1-0"]
[WhiteElo "2137"]
[BlackElo "1614"]

1.e4 c5 2.Nf3 d6 3.d4 cxd4 4.Nxd4 Nc6 5.Nc3 Nf6 6.Bg5 Bd7 7.Qd2 h6 8.Bxf6 gxf6
9.O-O-O h5 10.f4 Bh6 11.g3 Qc7 12.Nd5 Qc8 13.Nb5 Bg7 14.Nbc7+ Kd8 15.Nxa8 Qxa8
16.Nxe7 Nxe7 17.Qxd6 Qc8 18.Bh3 f5 19.exf5 f6 20.Rd3 Ke8 21.Re1 Bf8 22.Qxf6
Rg8 23.Qd4 a6 24.Qd5 Rh8 25.f6 {#r} 1-0

[Event "Ch Norway"]
[Site "masterchessopen.com Oslo (Norway)"]
[Date "2011.07.09"]
[Round "8"]
[White "Forsaa Espen (NOR)"]
[Black "Groenn Atle (NOR)"]
[Result "0-1"]
[WhiteElo "2315"]
[BlackElo "2378"]

1.e4 c5 2.Nf3 d6 3.d4 cxd4 4.Nxd4 Nf6 5.Nc3 Nc6 6.Bg5 Bd7 7.Qd2 Rc8 8.f4 Nxd4
9.Qxd4 Qa5 10.e5 dxe5 11.fxe5 e6 12.O-O-O Bc6 13.Nb5 Bxb5 14.exf6 Bc6 15.h4 g6
16.Bc4 Bc5 17.Qg4 h5 18.Qg3 Be4 19.Rhe1 Bf5 20.Re5 Qb4 21.Bxe6 Bxe6 22.Rxe6+
fxe6 23.f7+ Kf8 24.Qe5 Rh7 25.Qxe6 Qg4 26.Qf6 Qf5 27.Rd8+ Rxd8 28.Qxd8+ Kxf7
29.Qc7+ Kg8 {#R} 0-1

[Event "It (open) \"]
[Site "masterchessopen.com Wroclaw (Poland)"]
[Date "2011.07.09"]
[Round "8"]
[White "Tworzydlo Piotr (POL)"]
[Black "Mondrzycki Bartlomiej (POL)"]
[Result "0-1"]
[WhiteElo "2028"]
[BlackElo "2066"]

1.e4 c5 2.Nf3 Nc6 3.d4 cxd4 4.Nxd4 Nf6 5.Nc3 d6 6.Bg5 Bd7 7.Qd2 Rc8 8.O-O-O
Nxd4 9.Qxd4 Qa5 10.f4 Rxc3 11.Bxf6 Rc7 12.Bh4 Qxa2 13.e5 Qa1+ 14.Kd2 Qa4
15.Qxa4 Bxa4 16.Ra1 Bc6 17.Rxa7 dxe5 18.fxe5 Rc8 19.e6 fxe6 20.Bc4 Bxg2
21.Bb5+ Kf7 22.Rha1 g6 23.Bg5 Rc5 24.R1a5 Rxg5 25.Be8+ Kf6 26.Rxg5 Kxg5 27.Ra1
Bh6 28.Bb5 Kh4+ 29.Ke2 Kh3 30.Bd7 Kxh2 31.Bxe6 Rf8 32.Ra4 Rf4 {#R} 0-1

[Event "Memorial M.Najdorf (open)"]
[Site "masterchessopen.com Warsaw (Poland)"]
[Date "2011.07.14"]
[Round "2"]
[White "Wieczorek Oskar (POL)"]
[Black "Goslawski Michal (POL)"]
[Result "1-0"]
[WhiteElo "2321"]
[BlackElo "2067"]

1.e4 c5 2.Nf3 d6 3.d4 cxd4 4.Nxd4 Nf6 5.Nc3 Nc6 6.Bg5 Bd7 7.Qd2 Rc8 8.f4 Nxd4
9.Qxd4 Qa5 10.e5 dxe5 11.fxe5 e6 12.O-O-O Bc5 13.Qd2 Nd5 14.Nxd5 Qxd2+ 15.Rxd2
exd5 16.Rxd5 h6 17.Bh4 g5 18.Be1 Be6 19.Bb5+ Ke7 20.Rxc5 Rxc5 21.Bb4 Rc8
22.Kd2 Bd7 23.Bd3 Ke6 24.Bxc5 Rxc5 25.Rf1 Ke7 26.Re1 Bb5 27.c4 Bd7 28.b4 Rc8
29.Kc3 a5 30.a3 axb4+ 31.axb4 Be6 32.b5 Ra8 33.b6 Ra3+ 34.Kd4 Ra4 35.Rc1 Kd7
36.Be4 Kc8 37.Kc5 h5 38.Bd5 Bxd5 39.cxd5 Ra5+ 40.Kd6+ {#r} 1-0

[Event "It \"]
[Site "masterchessopen.com Hamburg (Germany)"]
[Date "2011.07.15"]
[Round "8"]
[White "Kramer Julian (GER)"]
[Black "Petrosian Suren (ARM)"]
[Result "0-1"]
[WhiteElo "2047"]
[BlackElo "2381"]

1.e4 c5 2.Nf3 Nc6 3.d4 cxd4 4.Nxd4 Nf6 5.Nc3 d6 6.Bg5 Bd7 7.Qd2 Rc8 8.O-O-O
Nxd4 9.Qxd4 Qa5 10.f4 Qc5 11.Qd2 Bc6 12.Bd3 h6 13.Bh4 g5 14.fxg5 hxg5 15.Bxg5
Ng4 16.h4 Nf2 17.Rhf1 Nxd1 18.Nxd1 f6 19.Be3 Qh5 20.Rf4 Bh6 21.Rf3 Kd7 22.Bxh6
Qxh6 23.Ne3 Qxh4 24.Nd5 Qg5 25.Qxg5 fxg5 26.Rf7 Bxd5 27.exd5 Rcf8 28.Bf5+ Kd8
29.Rxf8+ Rxf8 30.g4 Rh8 31.Kd2 Rh3 32.b3 Kc7 33.c3 Rh2+ 34.Kd3 Rxa2 {#R} 0-1

[Event "Ch Macedonia (open)"]
[Site "masterchessopen.com Struga (Macedonia)"]
[Date "2011.07.16"]
[Round "1"]
[White "Gjeorgjievski Done (MKD)"]
[Black "Gochev Mladen (BUL)"]
[Result "0-1"]
[WhiteElo "1815"]
[BlackElo "2253"]

1.e4 c5 2.Nf3 Nc6 3.d4 cxd4 4.Nxd4 Nf6 5.Nc3 d6 6.Bg5 Bd7 7.Qd2 h6 8.Bh4 g5
9.Bg3 Nxd4 10.Qxd4 Bg7 11.Bc4 Qa5 12.O-O-O Rc8 13.e5 Nh5 14.f4 Qc5 15.Bb3 Qxd4
16.Rxd4 gxf4 17.Bh4 Bxe5 18.Re4 Bc6 19.Bd5 Rg8 20.g3 e6 21.Bxc6+ Rxc6 22.Ne2
f3 23.Ng1 f5 24.Re3 f4 25.Rxf3 fxg3 26.hxg3 Nxg3 27.Bxg3 Rxg3 28.Rxg3 Bxg3
29.Ne2 Bf2 30.Kd2 Rc5 31.c3 Rd5+ 32.Kc2 Be3 33.Rh3 Rd2+ {#R} 0-1